Main Deendayal Upadhyaya bol raha hoon: vichar evam chitr veethika (Record no. 9012)
[ view plain ]
| 000 -LEADER | |
|---|---|
| fixed length control field | 00501nam a2200169Ia 4500 |
| 020 ## - INTERNATIONAL STANDARD BOOK NUMBER | |
| ISBN | 9789383111695 |
| 082 ## - DEWEY DECIMAL CLASSIFICATION NUMBER | |
| Classification number | 954.04092 SIN-M |
| 245 #0 - TITLE STATEMENT | |
| Title | Main Deendayal Upadhyaya bol raha hoon: vichar evam chitr veethika |
| 260 ## - PUBLICATION, DISTRIBUTION, ETC. (IMPRINT) | |
| Place of publication | New Delhi |
| Name of publisher | Pratibha Pratishthan |
| Year of publication | 2017 |
| 300 ## - PHYSICAL DESCRIPTION | |
| Number of Pages | 191p |
| 504 ## - BIBLIOGRAPHY, ETC. NOTE | |
| Bibliography, etc | Includes Sandarbh Suchi |
| 650 ## - SUBJECT ADDED ENTRY--TOPICAL TERM | |
| Topical Term | Political |
| Form subdivision | Biography |
| 650 ## - SUBJECT ADDED ENTRY--TOPICAL TERM | |
| Topical Term | Bharat-Pak mahasang |
| Geographic subdivision | 1944 |
| 650 ## - SUBJECT ADDED ENTRY--TOPICAL TERM | |
| Topical Term | Deendayal Upadhayay |
| Form subdivision | Jeevan Yatra |
| Geographic subdivision | 1916-68 |
| 700 ## - ADDED ENTRY--PERSONAL NAME | |
| Personal name | Amarjeet Singh |
| 942 ## - ADDED ENTRY ELEMENTS (KOHA) | |
| Koha item type | Books |
| Withdrawn status | Lost status | Damaged status | Not for loan | Collection code | Home library | Current library | Date acquired | Source of acquisition | Bill Date | Full call number | Accession Number | Price effective from | Koha item type | Public note |
|---|---|---|---|---|---|---|---|---|---|---|---|---|---|---|
| हिंदी पुस्तकों पर विशेष संग्रह | NASSDOC Library | NASSDOC Library | 23/10/2017 | OP | 2017-10-13 | 954.04092 SIN-M | 49457 | 18/04/2019 | Books | हिंदी पुस्तकों पर विशेष संग्रह |
